Vývoj na trhu úverov

Základné faktory, od ktorých závisí vývoj na trhu úverov. Vývoj úverových štandardov. Vzťah medzi vývojom na trhu úverov a makroekonomickými indikátormi.

Guardado en:
Detalles Bibliográficos
Autor principal: Jurča, Pavol
Formato: Capítulo de libro
Lenguaje:eslovaco
Materias:
Etiquetas: Agregar Etiqueta
Sin Etiquetas, Sea el primero en etiquetar este registro!

MARC

LEADER 00000naa$a2200000$$$4500
001 0107136
005 20231116085512.8
041 0 |a slo 
044 |a SK 
245 1 0 |a Vývoj na trhu úverov  |c Pavol Jurča 
520 |a Základné faktory, od ktorých závisí vývoj na trhu úverov. Vývoj úverových štandardov. Vzťah medzi vývojom na trhu úverov a makroekonomickými indikátormi. 
610 2 0 |a Slovensko 
610 2 0 |a banky 
610 2 0 |a úver 
610 2 0 |a trh 
610 2 0 |a stabilita finančná 
610 2 0 |a trh hypotekárny 
610 2 0 |a kríza finančná 
100 1 |a Jurča, Pavol